Southville International School and Colleges
Your cart is empty.
  • Cart
  • Lists
    Public lists list_1 View all
    Your lists Log in to create your own lists
  • Log in to your account
  • Your cookies
  • Search history
Southville International School and Colleges
  • Advanced search
  • Recent comments
  • Most popular
  • Libraries

Log in to your account

Log in with GOOGLE


If you do not have an external account, but do have a local account, you can still log in:

  1. Home
  2. MARC view: Basildon bond letters for every occasion /
Normal view MARC view ISBD view

Basildon bond letters for every occasion / (Record no. 283774)

[ view plain ]
MARC details
000 -LEADER
fixed length control field 00834cam a2200253 a 4500
001 - CONTROL NUMBER
control field 598904
003 - CONTROL NUMBER IDENTIFIER
control field PILC
005 - DATE AND TIME OF LATEST TRANSACTION
control field 20150318095924.0
008 - FIXED-LENGTH DATA ELEMENTS--GENERAL INFORMATION
fixed length control field 910802s1992 tnu 000 0 eng
010 ## - LIBRARY OF CONGRESS CONTROL NUMBER
LC control number 91031288
020 ## - INTERNATIONAL STANDARD BOOK NUMBER
International Standard Book Number 0572012136
040 ## - CATALOGING SOURCE
Original cataloging agency DLC
Transcribing agency DLC
Modifying agency DLC
050 00 - LIBRARY OF CONGRESS CALL NUMBER
Classification number BV 652.9
Item number .B311 1984
082 00 - DEWEY DECIMAL CLASSIFICATION NUMBER
Classification number 651.7/52/0242
245 10 - TITLE STATEMENT
Title Basildon bond letters for every occasion /
Statement of responsibility, etc edited by Derek Hall.
260 ## - PUBLICATION, DISTRIBUTION, ETC. (IMPRINT)
Place of publication, distribution, etc Great Britain :
Name of publisher, distributor, etc W. Foulsham & Co. Ltd.,
Date of publication, distribution, etc c1984.
300 ## - PHYSICAL DESCRIPTION
Extent 176 p. ;
Dimensions 23 cm.
650 #0 - SUBJECT ADDED ENTRY--TOPICAL TERM
Topical term or geographic name as entry element Church correspondence.
650 #0 - SUBJECT ADDED ENTRY--TOPICAL TERM
Topical term or geographic name as entry element Clergy
General subdivision Correspondence.
650 #0 - SUBJECT ADDED ENTRY--TOPICAL TERM
Topical term or geographic name as entry element Form letters.
906 ## - LOCAL DATA ELEMENT F, LDF (RLIN)
a 7
b cbc
c orignew
d 1
e ocip
f 19
g y-gencatlg
942 ## - ADDED ENTRY ELEMENTS (KOHA)
Source of classification or shelving scheme Library of Congress Classification
Koha item type Books
Holdings
Withdrawn status Lost status Source of classification or shelving scheme Damaged status Home library Current library Shelving location Date acquired Source of acquisition Total Checkouts Full call number Barcode Date last seen Price effective from Koha item type
    Library of Congress Classification   Southville International School Affiliated with Foreign Universities Library Southville International School Affiliated with Foreign Universities Library Southville Foreign University Section 03/18/2015 Library Fund   BV 652.9 .B311 1984 SFU1821 05/15/2018 03/18/2015 Books

Basildon bond letters for every occasion /

APA

(1984). Basildon bond letters for every occasion. Great Britain: W. Foulsham & Co. Ltd.

Chicago

1984. Basildon bond letters for every occasion. Great Britain: W. Foulsham & Co. Ltd.

Harvard

(1984). Basildon bond letters for every occasion. Great Britain: W. Foulsham & Co. Ltd.

MLA

Basildon bond letters for every occasion. Great Britain: W. Foulsham & Co. Ltd. 1984.

  • Place hold
  • Print
  • Cite
  • Add to your cart (remove)
  • Save record
    BIBTEX Dublin Core MARCXML MARC (non-Unicode/MARC-8) MARC (Unicode/UTF-8) MARC (Unicode/UTF-8, Standard) MODS (XML) RIS
  • More searches
    Search for this title in:
    Other Libraries (WorldCat) Other Databases (Google Scholar) Online Stores (Bookfinder.com) Open Library (openlibrary.org)

Exporting to Dublin Core...

SOUTHVILLE LIBRARY

Southville International School and Colleges Library

1281 Tropical Ave. Cor. Luxembourg St., BF Homes International, Las Pinas City

Tel. No. 8256374 / 252358 Loc. 117/146

Powered by Koha